000 00760cam a22001934a 4500
005 20250605164214.0
008 250528s ||||||||||||||||||||||||d
035 _a20400
020 _a844251208
040 _aGR-AtMCL
_bgre
_dGR-AtMCL
_eAACR2
245 1 _aThe Book of Cuttings for Acting and Directing
260 _bNational Textbook Company,
_c1989
300 _a196
520 _aThis book offers a wide range of scenes for sharpening your theatre skills. Introduction, Monologues for Men, Monologues for Women, Cuttings for Two Women, Cuttings for Two Men, Cuttings for One Man and One Woman, Cuttings for Three Persons, Cuttings for Mixed Groups, Index.
700 1 _aCassady Marshall
_96379
942 _cBK
999 _c5509
_d5509